Joueurs du Standard de Liège par image - Statistiques

Statistiques générales
  • Ce quiz a été pris 19 fois
  • Le résultat moyen est 12 sur 20
Statistiques - réponses
Par images Hint Réponse % Correct
2017 - 2024 Arnaud Bodart
100%
2021 - 2023 Aron Dønnum
100%
2016 - 2022 Collins Fai
100%
2007 - 2010 Dieumerci Mbokani
100%
1972 - 1983 Eric Gerets
100%
2006-2010 & 2013-2015 Igor de Camargo
100%
2022 - 2026 Marlon Fossey
100%
2006 - 2008 Marouane Fellaini
100%
2010 - 2012 Mbaye Leye
100%
2008-2011 ; 2013-2015 & 2018-2022 Mehdi Carcela
100%
2003-2006 & 2010-2012 Mohammed Tchité
100%
2021 - 2025 Nathan Ngoy
100%
2019 - 2023 Nicolas Raskin
100%
2019 - 2023 Noë Dussenne
100%
2017 - 2019 Răzvan Marin
100%
2015-2020 & 2022-2023 Renaud Emond
100%
2018 - 2022 Samuel Bastien
100%
2010-2013 & 2017-2020 Sébastien Pocognoli
100%
2019 - 2022 Selim Amallah
100%
2018-2021 & 2023-2024 Zinho Vanheusden
100%
2018 - 2023 Gojko Cimirot
83%
2020 - 2022 Hugo Siquet
80%
1977 - 1986 Michel Preud'homme
80%
2017-2019 & 2023-2025 Moussa Djenepo
80%
2011-2016 & 2017-2020 Paul-José M'Poku
80%
2007-2012 & 2015-2020 Réginal Goreux
80%
2014 - 2017 Adrien Trébel
75%
2006 - 2011 Axel Witsel
75%
2011 - 2016 Jelle Van Damme
75%
2016 - 2024 Konstantínos Laïfis
75%
2023 - 2026 Ibe Hautekiet
71%
2010 - 2015 Laurant Ciman
71%
2024 - 2026 Dennis Eckert Ayensa
67%
2016 - 2018 Edmilson Junior
67%
1998-1999 & 2016-2021 Jean-François Gillet
67%
1991 - 1996 Marc Wilmots
67%
2024 - 2026 Matthieu Epolo
67%
2017 - 2024 Merveille Bope Bokadi
67%
1980 -1984 Simon Tahamata
67%
2009 - 2013 Sinan Bolat
67%
2006 - 2011 Steven Defour
67%
2017 - 2019 Christian Luyindama
60%
2017 - 2019 Guillermo Ochoa
60%
2018 - 2022 Maxime Lestienne
60%
1999 - 2001 Daniel Van Buyten
50%
2007 - 2009 Dante
50%
2012 - 2015 Eiji Kawashima
50%
1981-1996 & 1997-1998 Gilbert Bodart
50%
2015 - 2018 Matthieu Dossevi
50%
2006 - 2010 Milan Jovanović
50%
2004 - 2007 Sérgio Conceição
50%
2011 - 2014 William Vainqueur
50%
2011 - 2015 Yoni Buyens
50%
2015 - 2018 Alexander Scholz
40%
2012 - 2015 Imoh Ezekiel
40%
2004 - 2009 Oguchi Onyewu
40%
1966 - 1978 Christian Piot
33%
2006 - 2009 Rorys Aragón Espinoza
33%
2011 - 2015 Geoffrey Mujangi Bia
25%
1972-1977 & 1978-1991 Guy Vandersmissen
25%
1985 - 1989 Alexandre Czerniatynski
0%
1998-2003 & 2006-2008 Ali Lukunku
0%
1990-1994 & 1999 André Cruz
0%
2010 - 2014 Daniel Opare
0%
2008 - 2011 Eliaquim Mangala
0%
1997-1999 & 2003-2004 Emile Mpenza
0%
2004 - 2007 Éric Deflandre
0%
1983 - 2000 Guy Hellers
0%
2013 - 2016 Julien De Sart
0%
2004 - 2007 Karel Geraerts
0%
1974-1981 & 1985-1988 Michel Renquin
0%
2011 - 2014 Michy Batshuayi
0%
2016 - 2020 Orlando Sá
0%
1958 - 1968 Roger Claessen
0%
1968 - 1976 Wilfried Van Moer
0%
Aucun quiz correspondant
Distribution des résultats
% des personnes avec chaque résultat
Percentile par nombre de réponses
Votre historique - résultats
Vous n’avez pas pris ce quiz